| 000 | 01185nam a22003371 4500 | ||
|---|---|---|---|
| 001 | 00137 | ||
| 003 | DO-SdBPM | ||
| 005 | 20250827113114.0 | ||
| 007 | ta | ||
| 008 | 960922s1975 sp spa | ||
| 020 | _a8421103326 | ||
| 035 | _a | ||
| 040 |
_aDO-SdBPM _bspa _cBPMSU _erda |
||
| 082 | 4 |
_a840.9 _bP622r 1975 _222 |
|
| 100 | 1 |
_aRichard, Jean-Pierre _d1922- _eautor |
|
| 240 |
_aEtudes sur le romantisme _lEspañol |
||
| 245 | 1 | 3 |
_aEl romanticismo en Francia / _cJean Pierre Richard ; traducción de María Asunción Oliva _h |
| 264 |
_aBarcelona : _bBarral Editores, _c1975 |
||
| 300 |
_a346 páginas 2 hojas _c20 cm |
||
| 336 |
_atexto _btxt _2rdacontent |
||
| 337 |
_asin mediación _bn _2rdamedia |
||
| 338 |
_avolumen _bnc _2rdacarrier |
||
| 490 | 0 |
_aBreve biblioteca de respuestas ; _aSeries de respuestas, _v 132 |
|
| 500 | _aIncluye referencias bibliográficas y notas al pie de las páginas | ||
| 590 | _aInventariado, 2025/VM | ||
| 650 | 7 |
_aLiteratura francesa _x Historia y crítica _z _2 |
|
| 650 | 7 |
_aRomanticismo _zFrancia. |
|
| 700 | 1 |
_aOliva, María Asunción _etraductor |
|
| 910 | _aVMateo V. Control de calidad. BPMSU | ||
| 942 |
_2ddc _cBK |
||
| 999 |
_c11192 _d11192 |
||